| Поле | Инд. | ПП | Название | Значение |
|---|---|---|---|---|
| Тип записи | a | |||
| Библиографический уровень | m | |||
| 001 | _ | Контрольный номер | RU/URAIT/473367 | |
| 005 | _ | Дата корректировки | 20250915104105.2 | |
| 008 | Кодируемые данные | 180226s2021 RU y f j 000 0 rus u | ||
| 020 | a | ISBN | 978-5-534-06305-9 | |
| c | Цена, тираж | 859.00 | ||
| 040 | a | Служба первич. каталог. | ИКО Юрайт | |
| c | Служба, преобразующая запись | ИКО Юрайт | ||
| e | Правила каталог. | RCR | ||
| 041 | a | Код языка текста | rus | |
| 044 | a | Код страны публикации | RU | |
| 080 | a | Индекс УДК | 339.1(075.8) | |
| 084 | 2 | Источник индекса | rubbk | |
| a | Индекс другой классификации/Индекс ББК | 65я73 | ||
| 100 | 1_ | a | Автор | Ямпольская Диана Олеговна |
| q | Полное имя | Диана Олеговна | ||
| 245 | a | Заглавие | Маркетинговый анализ: технология и методы проведения | |
| b | Продолж. заглавия | Учебник и практикум для вузов | ||
| c | Ответственность | Ямпольская Д. О., Пилипенко А. И. | ||
| 250 | g | пер. и доп | ||
| a | Основные сведения об издании | 2-е изд. | ||
| 256 | a | Характеристики компьютерного файла | Электрон. дан. | |
| 260 | a | Место издания | Москва | |
| b | Издательство | Юрайт | ||
| c | Дата издания | 2021 | ||
| 300 | a | Объем | 268 с | |
| 440 | a | Серия | Высшее образование | |
| 500 | a | Примечание | URL: https://urait.ru/bcode/473367 (дата обращения: 23.11.2021). | |
| 520 | a | Аннотация | В курсе рассматриваются вопросы маркетингового анализа — создание маркетинговой аналитической системы, разработка информационной базы бизнеса, методы анализа качественных и количественных показателей. Даются практические рекомендации по осуществлению различных видов деятельности для развития бизнеса, приводятся практические примеры. Для лучшего усвоения курса в достаточном объеме представлен иллюстративный материал. | |
| 538 | a | Прим. о системных особенностях | Режим доступа: Электронно-библиотечная система Юрайт, для авториз. пользователей | |
| 653 | a | Ключевые слова | Маркетинг | |
| 653 | a | Ключевые слова | Экономика и управление | |
| 653 | a | Ключевые слова | Маркетинговый анализ | |
| 700 | 1_ | a | Другие авторы | Пилипенко Андрей Игоревич |
| q | Полное имя | Андрей Игоревич | ||
| 856 | 40 | u | URL | https://urait.ru/bcode/473367 |
| x | Примечание для ЭОР | https://urait.ru/book/cover/3DF34DE4-AAFE-4EB3-855A-06387439EBDA | ||
| z | Примечание для пользователя | Участвует в КО | ||
| 856 | 41 | u | URL | https://urait.ru/book/cover/3DF34DE4-AAFE-4EB3-855A-06387439EBDA |